000 00744nam a2200265Ia 4500
005 20260121170834.0
008 008 260114s9999 xx 000 0 eng d
020 _a9783030009823
037 _aEBOOK
040 _aCRL
040 _beng
040 _cCRL
041 _2eng
041 _aeng
084 _qCRL
100 _aGuerino Mazzola, Yan Pang, William Heinze, Kyriaki Gkoudina, Gian Afrisando Pujakusuma, Jacob Grunklee, Zilu Chen, Tianxue Hu, Yiqing Ma
_91068805
245 0 _aBasic Music Technology
260 _bSpringer
260 _bSpringer
260 _c2018
856 _uhttps://link.springer.com/openurl?genre=book&isbn=978-3-030-00982-3
942 _cEBOOK
999 _c1634535
_d1634535